Statistics for Super Bowl Winning RBs

Click here to take the quiz!

General Stats

  • This quiz has been taken 13 times
  • The average score is 11 of 23

Answer Stats

TeamYearAnswer% Correct
Seahawks2014Marshawn Lynch
90%
Buccaneers2021Leonard Fournette
80%
Seahawks2001Shaun Alexander
80%
Steelers2006Jerome Bettis
70%
Patriots2005Kevin Faulk
70%
Patriots2002Kevin Faulk
70%
Chiefs2020Damien Williams
60%
Rams2022Darrell Henderson
60%
Patriots2019James White
50%
Patriots2017James White
50%
Patriots2015LeGarrette Blount
50%
Eagles2018LeGarrette Blount and Jay Ajayi
50%
Ravens2013Ray Rice
50%
Giants2012Ahmad Bradshaw And RJ Brandon
40%
Giants2008Brandon Jacobs
30%
Patriots2004Corey Dillon
30%
Colts2007Joseph Addai
30%
Saints2010Reggie Bush
30%
Packers2011Ryan Grant
30%
Rams2000Jamal Lewis
20%
Buccaneers2003Michael Pittman
10%
Steelers2009Gary Russel
0%
Broncos2016Ronnie Hillman
0%

Score Distribution

Percentile by Number Answered

Percent of People with Each Score

Your Score History

You have not taken this quiz